[Event "IECC CL4-2020.05 email"]
[Site "IECC email"]
[Date "2020.12.09"]
[Round "?"]
[White "Cabrera Trujillo, Claudio Tomas"]
[Black "Gideon, Daniel"]
[Result "1-0"]
[WhiteElo "1806"]
[BlackElo "1668"]
[PlyCount "75"]
[EventDate "2020.??.??"]
[EventType "tourn (corr)"]
[EventRounds "4"]
[SourceTitle "Corr 2024"]
[Source "ChessBase"]
[SourceDate "2023.10.19"]
[SourceVersion "1"]
[SourceVersionDate "2023.10.19"]
[SourceQuality "1"]
[WhiteTeam "Chile"]
[BlackTeam "Kanada"]
[WhiteTeamCountry "CHI"]
[BlackTeamCountry "CAN"]

1. e4 d5 2. exd5 Qxd5 3. Nc3 Qa5 4. d4 c6 5. Nf3 Nf6 6. Bc4 Bf5 7. Ne5 e6 8. g4 Bg6 9. h4 Nbd7 10. Nxd7 Nxd7 11. h5 Be4 12. 0-0 Bd5 13. Bd3 0-0-0 14. Re1 g6 15. Nxd5 Qxd5 16. Be4 Qd6 17. h6 f5 18. Bf3 Be7 19. Qe2 Rhe8 20. Qxe6 Qxd4 21. Be3 Qe5 22. Bxa7 Qf4 23. Qe3 Qxe3 24. Bxe3 Ne5 25. Kg2 fxg4 26. Be2 Rf8 27. Rad1 Rde8 28. Kg3 Kc7 29. Bxg4 Bd6 30. f4 Nc4 31. Bc1 g5 32. Rxe8 Rxe8 33. Rxd6 gxf4+ 34. Bxf4 Nxd6 35. Bf5 Re3+ 36. Bxe3 Nxf5+ 37. Kf3 Nxe3 38. Kxe3 1-0

[Event "IECC CL4-2020.05 email"]
[Site "IECC email"]
[Date "2020.12.07"]
[Round "?"]
[White "Gideon, Daniel"]
[Black "Hess, John"]
[Result "1/2-1/2"]
[WhiteElo "1643"]
[BlackElo "1856"]
[PlyCount "94"]
[EventDate "2020.??.??"]
[EventType "tourn (corr)"]
[EventRounds "4"]
[SourceTitle "Corr 2024"]
[Source "ChessBase"]
[SourceDate "2023.10.19"]
[SourceVersion "1"]
[SourceVersionDate "2023.10.19"]
[SourceQuality "1"]
[WhiteTeam "Kanada"]
[BlackTeam "Südafrika"]
[WhiteTeamCountry "CAN"]
[BlackTeamCountry "RSA"]

1. d4 Nf6 2. Nf3 g6 3. Bf4 c5 4. c3 Qb6 5. Qb3 d6 6. Nbd2 Bg7 7. e3 0-0 8. h3 Qxb3 9. Nxb3 b6 10. Nbd2 Bb7 11. Bd3 Na6 12. 0-0 Nc7 13. e4 Ne6 14. Be3 h6 15. a4 d5 16. e5 Ne4 17. a5 Nxd2 18. Bxd2 c4 19. Bc2 b5 20. Nh4 Rfc8 21. f4 Nf8 22. f5 Rc6 23. g4 Rd8 24. fxg6 fxg6 25. g5 h5 26. Kg2 Bc8 27. b4 cxb3 28. Bxb3 Be6 29. Rf2 Bf7 30. Ba2 Ne6 31. Bb3 b4 32. Rxf7 bxc3 33. Rff1 Nxd4 34. Ba4 cxd2 35. Bxc6 Nxc6 36. Ra2 Nxe5 37. Rxd2 Rd6 38. Rb2 Nc4 39. Rb8+ Kh7 40. Re1 e5 41. Rb7 Ra6 42. Reb1 Rxa5 43. Re7 Nd6 44. Rf1 Ra6 45. Rf6 e4 46. Nxg6 Kg8 47. Re8+ Kh7 1/2-1/2

[Event "IECC TH-M-3510"]
[Site "IECC email"]
[Date "2020.05.23"]
[Round "?"]
[White "Gideon, Daniel"]
[Black "Perez Rodriguez, Rene"]
[Result "0-1"]
[WhiteElo "1679"]
[BlackElo "1788"]
[PlyCount "96"]
[EventDate "2020.??.??"]
[EventType "tourn (corr)"]
[SourceTitle "Corr 2024"]
[Source "ChessBase"]
[SourceDate "2023.10.19"]
[SourceVersion "1"]
[SourceVersionDate "2023.10.19"]
[SourceQuality "1"]
[WhiteTeam "Kanada"]
[BlackTeam "Spanien"]
[WhiteTeamCountry "CAN"]
[BlackTeamCountry "ESP"]

1. e4 e5 2. Nf3 Nc6 3. Bb5 Nd4 4. Nxd4 exd4 5. 0-0 c6 6. Bc4 d6 7. d3 Nf6 8. Bb3 Be7 9. c3 dxc3 10. Nxc3 0-0 11. d4 d5 12. e5 Ne8 13. f4 g6 14. g4 f5 15. g5 Nc7 16. h4 h5 17. Ne2 b6 18. Ng3 Kg7 19. Be3 Bb7 20. a3 c5 21. Ne2 Qd7 22. Qd2 Rfd8 23. Rfc1 Ne6 24. Kh2 Ba6 25. Bd1 Bxe2 26. Bxe2 a5 27. Kg3 cxd4 28. Bxd4 Bc5 29. Bg1 Bxg1 30. Rxg1 Nc5 31. Qd1 d4 32. Bd3 Qd5 33. Qe2 Rac8 34. Rgf1 a4 35. Rad1 b5 36. Rfe1 Qb3 37. Kh2 Ne6 38. Rf1 Rc7 39. Rf3 Qd5 40. Re1 Rb8 41. Rf2 b4 42. axb4 Rxb4 43. Qf1 Rcb7 44. Ra1 Rxb2 45. Rxb2 Rxb2+ 46. Kg3 Nc5 47. Qf3 Ne4+ 48. Bxe4 fxe4 0-1

[Event "TH-S-1237"]
[Site "IECC email"]
[Date "2020.05.23"]
[Round "?"]
[White "Silvers, Joseph"]
[Black "Gideon, Daniel"]
[Result "1-0"]
[WhiteElo "1656"]
[BlackElo "1687"]
[PlyCount "61"]
[EventDate "2020.??.??"]
[EventType "tourn (corr)"]
[SourceTitle "Corr 2024"]
[Source "ChessBase"]
[SourceDate "2023.10.19"]
[SourceVersion "1"]
[SourceVersionDate "2023.10.19"]
[SourceQuality "1"]
[WhiteTeam "Vereinigte Staaten"]
[BlackTeam "Kanada"]
[WhiteTeamCountry "USA"]
[BlackTeamCountry "CAN"]

1. e4 e5 2. Nf3 Nc6 3. Bb5 g6 4. d4 exd4 5. Bg5 Be7 6. Bxe7 Ngxe7 7. Nxd4 0-0 8. Nc3 d5 9. 0-0 dxe4 10. Bxc6 Nxc6 11. Nxc6 bxc6 12. Nxe4 Re8 13. Re1 Bf5 14. Ng3 Rxe1+ 15. Qxe1 Qf6 16. Nxf5 Qxf5 17. Qc3 Re8 18. Qxc6 Qc8 19. g3 Re2 20. Kf1 Re6 21. Qf3 Qa6+ 22. Kg1 Qc6 23. Qxc6 Rxc6 24. c3 Rd6 25. Re1 Kf8 26. Re2 a5 27. f4 a4 28. Kf2 c5 29. Ke1 Re6 30. Rxe6 fxe6 31. Kd2 1-0

[Event "IECC O-4827"]
[Site "IECC email"]
[Date "2019.05.26"]
[Round "?"]
[White "Gideon, Daniel"]
[Black "Ng, Willy C"]
[Result "0-1"]
[WhiteElo "1734"]
[BlackElo "1725"]
[PlyCount "58"]
[EventDate "2019.??.??"]
[EventType "swiss (corr)"]
[EventRounds "2"]
[SourceTitle "Corr 2024"]
[Source "ChessBase"]
[SourceDate "2023.10.19"]
[SourceVersion "1"]
[SourceVersionDate "2023.10.19"]
[SourceQuality "1"]
[WhiteTeam "Kanada"]
[BlackTeam "Philippinen"]
[WhiteTeamCountry "CAN"]
[BlackTeamCountry "PHI"]

1. e4 g6 2. d4 Bg7 3. Nf3 d6 4. h3 h5 5. Bd3 c6 6. 0-0 Nd7 7. c3 e5 8. Be3 Ne7 9. Bc2 0-0 10. Bg5 f6 11. Be3 f5 12. Bd3 fxe4 13. Bxe4 Nf6 14. Bc2 e4 15. Nh4 d5 16. Nd2 Nh7 17. f3 g5 18. fxe4 gxh4 19. Qxh5 Qe8 20. Qxe8 Rxe8 21. Nf3 dxe4 22. Bb3+ Nd5 23. Nxh4 Be6 24. Nf5 Nhf6 25. Rae1 Kh7 26. Bc1 Rad8 27. g4 Rh8 28. g5 Nh5 29. Rxe4 Bxf5 0-1

[Event "IECC O-4828"]
[Site "IECC email"]
[Date "2019.05.26"]
[Round "?"]
[White "Ng, Willy C"]
[Black "Gideon, Daniel"]
[Result "1-0"]
[WhiteElo "1707"]
[BlackElo "1752"]
[PlyCount "53"]
[EventDate "2019.??.??"]
[EventType "swiss (corr)"]
[EventRounds "2"]
[SourceTitle "Corr 2024"]
[Source "ChessBase"]
[SourceDate "2023.10.19"]
[SourceVersion "1"]
[SourceVersionDate "2023.10.19"]
[SourceQuality "1"]
[WhiteTeam "Philippinen"]
[BlackTeam "Kanada"]
[WhiteTeamCountry "PHI"]
[BlackTeamCountry "CAN"]

1. e4 d5 2. exd5 Qxd5 3. Nc3 Qa5 4. d4 Nf6 5. Nf3 c6 6. Bc4 Bf5 7. Bd2 e6 8. Nd5 Qd8 9. Nxf6+ Qxf6 10. Qe2 Bg4 11. 0-0-0 Nd7 12. d5 Bxf3 13. gxf3 cxd5 14. Bxd5 Ba3 15. c3 0-0 16. Be4 Be7 17. Bxh7+ Kxh7 18. Qd3+ Kg8 19. Qxd7 Rfd8 20. Qxb7 Bc5 21. Rhg1 e5 22. Bg5 Rxd1+ 23. Kxd1 Qd6+ 24. Kc2 Rb8 25. Qe4 Bxf2 26. Rg2 Bc5 27. Qf5 1-0

[Event "IECC TH-M-3380"]
[Site "IECC email"]
[Date "2019.03.13"]
[Round "?"]
[White "Martins, Karin"]
[Black "Gideon, Daniel"]
[Result "1-0"]
[WhiteElo "1973"]
[BlackElo "1759"]
[PlyCount "69"]
[EventDate "2019.??.??"]
[EventType "tourn (corr)"]
[SourceTitle "Corr 2024"]
[Source "ChessBase"]
[SourceDate "2023.10.19"]
[SourceVersion "1"]
[SourceVersionDate "2023.10.19"]
[SourceQuality "1"]
[WhiteTeam "Deutschland"]
[BlackTeam "Kanada"]
[WhiteTeamCountry "GER"]
[BlackTeamCountry "CAN"]

1. Na3 e5 2. c3 d5 3. Nc2 Nf6 4. d4 e4 5. g3 c5 6. dxc5 Bxc5 7. Nh3 0-0 8. Bg2 Ng4 9. 0-0 Nc6 10. Nf4 Ne7 11. b4 Bb6 12. a4 a6 13. Qd2 Qc7 14. a5 Ba7 15. Nxd5 Nxd5 16. Qxd5 Re8 17. Bd2 Nf6 18. Qb3 Bg4 19. Rfe1 Be6 20. Qb2 Rac8 21. Rad1 Qe5 22. Be3 Qxc3 23. Qxc3 Rxc3 24. Bxa7 Rxc2 25. e3 Bg4 26. Rd6 Rb2 27. h3 Bf3 28. Bd4 Rxb4 29. Rc1 Bxg2 30. Kxg2 Rb5 31. Rc7 Nd5 32. Rcd7 Nf6 33. Bxf6 gxf6 34. Rxf6 Rf8 35. Re7 1-0

[Event "IECC M1-2014.T038"]
[Site "IECC email"]
[Date "2014.10.24"]
[Round "?"]
[White "Burlingame, Robert Martin"]
[Black "Gideon, Daniel"]
[Result "0-1"]
[WhiteElo "1733"]
[BlackElo "1729"]
[PlyCount "48"]
[EventDate "2014.??.??"]
[EventType "match (corr)"]
[EventRounds "2"]
[SourceTitle "Corr 2020"]
[Source "ChessBase"]
[SourceDate "2019.09.30"]
[SourceVersion "1"]
[SourceVersionDate "2019.09.30"]
[SourceQuality "1"]
[WhiteTeam "United States"]
[BlackTeam "Canada"]
[WhiteTeamCountry "USA"]
[BlackTeamCountry "CAN"]

1. e4 e5 2. f4 exf4 3. Nf3 d6 4. d4 g5 5. h4 g4 6. Ng1 f5 7. Nc3 h5 8. Bxf4 Nf6 9. Bd3 fxe4 10. Nxe4 Bh6 11. Ne2 Nxe4 12. Bxe4 Qe7 13. Qd3 Kd8 14. 0-0-0 Nc6 15. Bxh6 Rxh6 16. Nc3 Qg7 17. Qc4 Ne7 18. Rhf1 Be6 19. d5 Bd7 20. Nb5 Rc8 21. Nd4 Rf6 22. Qc3 Rf7 23. Kb1 c5 24. dxc6 bxc6 0-1

[Event "IECC M1-2014.T038"]
[Site "IECC email"]
[Date "2014.10.24"]
[Round "?"]
[White "Gideon, Daniel"]
[Black "Burlingame, Robert Martin"]
[Result "1-0"]
[WhiteElo "1712"]
[BlackElo "1750"]
[PlyCount "29"]
[EventDate "2014.??.??"]
[EventType "match (corr)"]
[EventRounds "2"]
[SourceTitle "Corr 2020"]
[Source "ChessBase"]
[SourceDate "2019.09.30"]
[SourceVersion "1"]
[SourceVersionDate "2019.09.30"]
[SourceQuality "1"]
[WhiteTeam "Canada"]
[BlackTeam "United States"]
[WhiteTeamCountry "CAN"]
[BlackTeamCountry "USA"]

1. d4 d5 2. Nf3 Nf6 3. e3 Nc6 4. Nbd2 g6 5. c3 Bg7 6. Bd3 0-0 7. 0-0 Re8 8. Re1 e5 9. Nxe5 Nxe5 10. dxe5 Rxe5 11. f4 Re8 12. h3 Qd6 13. Qc2 Bd7 14. Qd1 Bg4 15. hxg4 1-0

[Event "IECC M1-2014.T027"]
[Site "IECC email"]
[Date "2014.07.19"]
[Round "?"]
[White "Ng, Willy C"]
[Black "Gideon, Daniel"]
[Result "0-1"]
[WhiteElo "1645"]
[BlackElo "1757"]
[PlyCount "72"]
[EventDate "2014.??.??"]
[EventType "match (corr)"]
[EventRounds "2"]
[SourceTitle "Corr 2020"]
[Source "ChessBase"]
[SourceDate "2019.09.30"]
[SourceVersion "1"]
[SourceVersionDate "2019.09.30"]
[SourceQuality "1"]
[WhiteTeam "Philippines"]
[BlackTeam "Canada"]
[WhiteTeamCountry "PHI"]
[BlackTeamCountry "CAN"]

1. e4 d6 2. d4 Nf6 3. Nc3 g6 4. f4 Bg7 5. Nf3 Nc6 6. Bd3 0-0 7. e5 Nd7 8. e6 fxe6 9. Ng5 Nf6 10. Be3 Nb4 11. Bc4 Nbd5 12. Nxd5 exd5 13. Bd3 e5 14. fxe5 Ng4 15. Qe2 dxe5 16. dxe5 Bxe5 17. Rf1 Bg7 18. Rxf8+ Qxf8 19. 0-0-0 Qd6 20. Bd2 Bd7 21. h3 Re8 22. Qf1 Rf8 23. Nf3 Nh2 24. Qf2 Nxf3 25. gxf3 Qf6 26. Bc3 Qf4+ 27. Bd2 Qf6 28. Bc3 Bh6+ 29. Kb1 Qxf3 30. Qg1 Be3 31. Qe1 c6 32. Bd2 Bf2 33. Qe2 Qxe2 34. Bxe2 Bxh3 35. Rh1 Bg2 36. Rh2 Be4 0-1

[Event "IECC M1-2013.T084"]
[Site "IECC email"]
[Date "2013.11.13"]
[Round "?"]
[White "Gideon, Daniel"]
[Black "Burlingame, Robert Martin"]
[Result "1/2-1/2"]
[WhiteElo "1689"]
[BlackElo "1774"]
[PlyCount "62"]
[EventDate "2013.??.??"]
[EventType "match (corr)"]
[EventRounds "2"]
[SourceTitle "Corr 2020"]
[Source "ChessBase"]
[SourceDate "2019.09.30"]
[SourceVersion "1"]
[SourceVersionDate "2019.09.30"]
[SourceQuality "1"]
[WhiteTeam "Canada"]
[BlackTeam "United States"]
[WhiteTeamCountry "CAN"]
[BlackTeamCountry "USA"]

1. e4 e5 2. Nf3 Nc6 3. Bb5 a6 4. Bxc6 dxc6 5. Nc3 Bg4 6. h3 Bxf3 7. Qxf3 Nf6 8. d3 Bb4 9. Bg5 Be7 10. Be3 Bd6 11. d4 Qe7 12. 0-0-0 0-0-0 13. Rd3 Rhe8 14. Rhd1 Qe6 15. dxe5 Bxe5 16. Rxd8+ Rxd8 17. Rxd8+ Kxd8 18. Bg5 Ke8 19. Bf4 b5 20. Bxe5 Qxe5 21. Qf5 Qxf5 22. exf5 Nd5 23. Ne4 a5 24. h4 Ke7 25. Kd2 Nf4 26. g3 Nd5 27. c3 Nf6 28. f3 Nxe4+ 29. fxe4 Kd6 30. Ke3 Ke5 31. b3 c5 1/2-1/2

[Event "IECC CL4-2013.05 email"]
[Site "IECC email"]
[Date "2013.10.23"]
[Round "?"]
[White "Gideon, Daniel"]
[Black "Mariani, Danilo"]
[Result "1-0"]
[WhiteElo "1683"]
[BlackElo "1513"]
[PlyCount "93"]
[EventDate "2013.??.??"]
[EventType "tourn (corr)"]
[EventRounds "4"]
[SourceTitle "Corr 2020"]
[Source "ChessBase"]
[SourceDate "2019.09.30"]
[SourceVersion "1"]
[SourceVersionDate "2019.09.30"]
[SourceQuality "1"]
[WhiteTeam "Canada"]
[BlackTeam "Italy"]
[WhiteTeamCountry "CAN"]
[BlackTeamCountry "ITA"]

1. d4 Nf6 2. Nf3 g6 3. e3 Bg7 4. Bd3 0-0 5. 0-0 b6 6. Nbd2 Bb7 7. e4 d6 8. Re1 e6 9. c3 Nbd7 10. a4 a6 11. b4 c5 12. Nc4 d5 13. Nd6 dxe4 14. Nxb7 Qc7 15. Nxc5 bxc5 16. Bxe4 Nxe4 17. Rxe4 cxd4 18. cxd4 Rfd8 19. Bg5 Nf6 20. Re2 Rd5 21. Qb3 Ng4 22. Rc1 Qd6 23. Be7 Qf4 24. Qc2 Bxd4 25. Re4 Bxf2+ 26. Kf1 Qf5 27. Rxg4 Qxg4 28. Qc6 Rb8 29. Kxf2 Qf4 30. Rc2 h6 31. Qxa6 Kh7 32. Qe2 g5 33. Rc4 Qf5 34. g4 Qg6 35. a5 Re8 36. Rc7 Kg8 37. Qc4 f5 38. Qc2 Rb8 39. a6 Qe8 40. a7 Ra8 41. Bf6 Rd7 42. Ne5 Rxc7 43. Qxc7 Qf8 44. Be7 Qe8 45. Qb7 Rc8 46. Bf6 Qf8 47. Ng6 1-0

[Event "IECC M1-2013.T074"]
[Site "IECC email"]
[Date "2013.09.14"]
[Round "?"]
[White "Burlingame, Robert Martin"]
[Black "Gideon, Daniel"]
[Result "0-1"]
[WhiteElo "1821"]
[BlackElo "1618"]
[PlyCount "46"]
[EventDate "2013.??.??"]
[EventType "match (corr)"]
[EventRounds "2"]
[SourceTitle "Telechess CBM 165"]
[Source "ChessBase"]
[SourceDate "2015.03.11"]
[SourceVersion "1"]
[SourceVersionDate "2015.03.11"]
[SourceQuality "1"]
[WhiteTeam "US of America"]
[BlackTeam "Canada"]
[WhiteTeamCountry "USA"]
[BlackTeamCountry "CAN"]

1. e4 e5 2. f4 d5 3. exd5 Qxd5 4. Nc3 Qd6 5. fxe5 Qxe5+ 6. Qe2 Qxe2+ 7. Bxe2 Be6 8. Nf3 Nc6 9. Bb5 Nge7 10. 0-0 0-0-0 11. Ng5 Nd4 12. Ba4 Nd5 13. Nxf7 Bxf7 14. Rxf7 Bc5 15. Nxd5 Rhf8 16. Bd7+ Kb8 17. Rxf8 Rxf8 18. Ne3 Ne2+ 19. Kh1 Bxe3 20. g3 Rf1+ 21. Kg2 Rf2+ 22. Kh1 Nd4 23. dxe3 Nf3 0-1

[Event "IECC CL5-2013.06 email"]
[Site "IECC email"]
[Date "2013.08.20"]
[Round "?"]
[White "Paluch, Andrzej"]
[Black "Gideon, Daniel"]
[Result "0-1"]
[WhiteElo "1594"]
[BlackElo "1653"]
[PlyCount "87"]
[EventDate "2013.??.??"]
[EventType "tourn (corr)"]
[EventRounds "4"]
[SourceTitle "Telechess CBM 165"]
[Source "ChessBase"]
[SourceDate "2015.03.11"]
[SourceVersion "1"]
[SourceVersionDate "2015.03.11"]
[SourceQuality "1"]
[WhiteTeam "Poland"]
[BlackTeam "Canada"]
[WhiteTeamCountry "POL"]
[BlackTeamCountry "CAN"]

1. d4 Nf6 2. c4 e6 3. Nf3 b6 4. g3 Bb7 5. Bg2 Bb4+ 6. Bd2 Nc6 7. Bxb4 Nxb4 8. 0-0 0-0 9. Nc3 d5 10. a3 Nc6 11. cxd5 exd5 12. Rc1 Ne7 13. Ne5 Re8 14. Qd3 Ng6 15. f4 c5 16. e3 c4 17. Qe2 Rb8 18. a4 Rc8 19. Bh3 Ra8 20. Qc2 Ne7 21. b3 Bc8 22. Bxc8 Rxc8 23. bxc4 dxc4 24. Qe2 Nf5 25. Nb5 a6 26. Na3 c3 27. Qd3 g6 28. Rfd1 Qe7 29. Rxc3 Rxc3 30. Qxc3 Nd5 31. Qb3 Ndxe3 32. Re1 Qe6 33. Qxe6 Rxe6 34. Kf2 Nd5 35. Rc1 f6 36. Rc8+ Kg7 37. Nec4 Nc3 38. Rc7+ Kh6 39. Ne5 Nd1+ 40. Ke2 Nb2 41. d5 Re8 42. g4 fxe5 43. gxf5 exf4+ 44. Kf1 0-1

[Event "IECC CL4-2012.10 email"]
[Site "IECC email"]
[Date "2013.02.10"]
[Round "?"]
[White "Gideon, Daniel"]
[Black "Bertel, Michael"]
[Result "0-1"]
[WhiteElo "1543"]
[BlackElo "1773"]
[PlyCount "76"]
[EventDate "2012.??.??"]
[EventType "tourn (corr)"]
[EventRounds "4"]
[SourceTitle "Telechess CBM 165"]
[Source "ChessBase"]
[SourceDate "2015.03.11"]
[SourceVersion "1"]
[SourceVersionDate "2015.03.11"]
[SourceQuality "1"]
[WhiteTeam "Canada"]
[BlackTeam "US of America"]
[WhiteTeamCountry "CAN"]
[BlackTeamCountry "USA"]

1. d4 d5 2. Nf3 Nf6 3. e3 e6 4. Bd3 Bd6 5. c4 c5 6. Nc3 0-0 7. 0-0 Nc6 8. Nb5 Be7 9. Ne5 dxc4 10. Bxc4 Qb6 11. a4 a6 12. dxc5 Bxc5 13. a5 Nxa5 14. Nd4 Nxc4 15. Nxc4 Qc7 16. Nf3 Rd8 17. Qc2 b6 18. Nce5 Bb7 19. b4 Bd6 20. Qxc7 Bxc7 21. Bb2 Nd5 22. Rfc1 Bd6 23. Bd4 Rdc8 24. Rxc8+ Rxc8 25. Nd7 Bc7 26. Nfe5 f6 27. Nc4 Bxh2+ 28. Kxh2 Rxc4 29. Bxb6 Bc8 30. Nc5 Nxb6 31. Nxa6 Bxa6 32. Rxa6 Rxb4 33. Kg3 f5 34. Ra7 Nd5 35. Ra1 Rb2 36. Re1 Nf6 37. f4 h5 38. Kf3 h4 0-1

[Event "IECC CL4-2012.10 email"]
[Site "IECC email"]
[Date "2013.02.10"]
[Round "?"]
[White "Martin, Dennis"]
[Black "Gideon, Daniel"]
[Result "1-0"]
[WhiteElo "1697"]
[BlackElo "1552"]
[PlyCount "81"]
[EventDate "2012.??.??"]
[EventType "tourn (corr)"]
[EventRounds "4"]
[SourceTitle "Telechess CBM 165"]
[Source "ChessBase"]
[SourceDate "2015.03.11"]
[SourceVersion "1"]
[SourceVersionDate "2015.03.11"]
[SourceQuality "1"]
[WhiteTeam "US of America"]
[BlackTeam "Canada"]
[WhiteTeamCountry "USA"]
[BlackTeamCountry "CAN"]

1. e4 d6 2. Nf3 Nf6 3. Nc3 g6 4. d4 Bg7 5. Be2 0-0 6. 0-0 Nc6 7. Re1 Bg4 8. d5 Ne5 9. Nxe5 Bxe2 10. Nxe2 dxe5 11. Nc3 Qd6 12. Qf3 c6 13. Bg5 Rfd8 14. Rad1 Qc7 15. dxc6 Qxc6 16. Qe3 a6 17. Bh4 Rac8 18. a3 Qc7 19. Bg3 Nh5 20. Nd5 Rxd5 21. Rxd5 Nxg3 22. hxg3 Qxc2 23. Red1 b5 24. Qa7 Qxb2 25. Qxa6 Rc1 26. Kh2 Bf8 27. Rxb5 Qa1 28. Rxc1 Qxc1 29. Rxe5 Qh6+ 30. Kg1 Qc1+ 31. Qf1 Qxa3 32. Qe1 Qb2 33. Ra5 e5 34. g4 Kg7 35. Qa1 Qxa1+ 36. Rxa1 Kf6 37. g3 Bc5 38. Ra6+ Kg5 39. Kg2 h5 40. gxh5 Kxh5 41. Rf6 1-0

[Event "IECC CL5-2012.08 email"]
[Site "IECC email"]
[Date "2012.11.07"]
[Round "?"]
[White "Filgueira, Horacio"]
[Black "Gideon, Daniel"]
[Result "0-1"]
[WhiteElo "1403"]
[BlackElo "1553"]
[PlyCount "48"]
[EventDate "2012.??.??"]
[EventType "tourn (corr)"]
[EventRounds "4"]
[SourceTitle "Telechess CBM 165"]
[Source "ChessBase"]
[SourceDate "2015.03.11"]
[SourceVersion "1"]
[SourceVersionDate "2015.03.11"]
[SourceQuality "1"]
[WhiteTeam "Argentina"]
[BlackTeam "Canada"]
[WhiteTeamCountry "ARG"]
[BlackTeamCountry "CAN"]

1. d4 Nf6 2. c4 e6 3. Nc3 b6 4. e4 Bb7 5. Bg5 d6 6. f3 Be7 7. Bd3 0-0 8. Nge2 c5 9. Be3 d5 10. e5 Nfd7 11. cxd5 cxd4 12. Bxd4 Bxd5 13. Nxd5 exd5 14. Qc2 g6 15. h4 Bc5 16. Bc3 Nc6 17. e6 Nb4 18. exf7+ Rxf7 19. Qd2 Qe7 20. a3 Be3 21. Qd1 Nxd3+ 22. Qxd3 Nc5 23. Qc2 d4 24. Bd2 d3 0-1

[Event "IECC CL5-2012.08 email"]
[Site "IECC email"]
[Date "2012.11.07"]
[Round "?"]
[White "Gideon, Daniel"]
[Black "Jewell, Barry"]
[Result "1/2-1/2"]
[WhiteElo "1563"]
[BlackElo "1575"]
[PlyCount "92"]
[EventDate "2012.??.??"]
[EventType "tourn (corr)"]
[EventRounds "4"]
[SourceTitle "Telechess CBM 165"]
[Source "ChessBase"]
[SourceDate "2015.03.11"]
[SourceVersion "1"]
[SourceVersionDate "2015.03.11"]
[SourceQuality "1"]
[WhiteTeam "Canada"]
[BlackTeam "Canada"]
[WhiteTeamCountry "CAN"]
[BlackTeamCountry "CAN"]

1. d4 Nf6 2. Nf3 e6 3. e3 d5 4. Bd3 c5 5. c3 c4 6. Bc2 Bd6 7. Nbd2 0-0 8. 0-0 Nc6 9. Re1 Qc7 10. e4 Nxe4 11. Nxe4 dxe4 12. Rxe4 Ne7 13. Rh4 f5 14. Ne5 Bxe5 15. dxe5 Qxe5 16. Rxc4 Nc6 17. Bf4 Qf6 18. Rc5 Rd8 19. Qh5 g6 20. Qh6 Qe7 21. Be3 Rd5 22. Rxd5 exd5 23. h4 Ne5 24. h5 Ng4 25. Qg5 Qxg5 26. Bxg5 h6 27. Be7 g5 28. Re1 Kf7 29. f3 Nf6 30. Bxf6 Kxf6 31. Re8 b6 32. Rf8+ Ke5 33. Bxf5 Bb7 34. Rxa8 Bxa8 35. Bc2 Bc6 36. Bg6 Bd7 37. Kf2 d4 38. cxd4+ Kxd4 39. g4 Ke5 40. Ke3 a5 41. Bd3 b5 42. a3 b4 43. axb4 axb4 44. Be4 Be6 45. Bc6 Bc4 46. Be4 Bb5 1/2-1/2

[Event "IECC CL5-2012.04 email"]
[Site "IECC email"]
[Date "2012.05.15"]
[Round "?"]
[White "Jewell, Barry"]
[Black "Gideon, Daniel"]
[Result "0-1"]
[WhiteElo "1559"]
[BlackElo "1469"]
[PlyCount "78"]
[EventDate "2012.??.??"]
[EventType "tourn (corr)"]
[EventRounds "4"]
[SourceTitle "Telechess CBM 165"]
[Source "ChessBase"]
[SourceDate "2015.03.11"]
[SourceVersion "1"]
[SourceVersionDate "2015.03.11"]
[SourceQuality "1"]
[WhiteTeam "Canada"]
[BlackTeam "Canada"]
[WhiteTeamCountry "CAN"]
[BlackTeamCountry "CAN"]

1. e4 d6 2. d4 Nf6 3. Nc3 g6 4. f4 Bg7 5. Nf3 c5 6. Bb5+ Bd7 7. e5 Ng4 8. Bxd7+ Qxd7 9. d5 dxe5 10. h3 e4 11. Nxe4 Nf6 12. Nxf6+ Bxf6 13. 0-0 0-0 14. Be3 b6 15. Ne5 Qc7 16. Qf3 Nd7 17. Nc6 Bxb2 18. Nxe7+ Kh8 19. Rad1 Qd6 20. Nc6 Rfe8 21. Bd2 f5 22. Rde1 Nf6 23. Bc3 Bxc3 24. Qxc3 Kg8 25. Rxe8+ Rxe8 26. Ne5 Qxd5 27. Nxg6 Kg7 28. Ne5 Ne4 29. Qf3 Qxa2 30. Rd1 Qxc2 31. Rd7+ Kf6 32. Rf7+ Ke6 33. Rxh7 c4 34. Qf1 b5 35. Rxa7 Qc3 36. Ra6+ Kd5 37. Kh2 Qg3+ 38. Kg1 Qe3+ 39. Kh2 Nd2 0-1

[Event "IECC CL5-2012.04 email"]
[Site "IECC email"]
[Date "2012.05.15"]
[Round "?"]
[White "Marczykoski, Paulo Roberto T"]
[Black "Gideon, Daniel"]
[Result "1/2-1/2"]
[WhiteElo "1455"]
[BlackElo "1527"]
[PlyCount "116"]
[EventDate "2012.??.??"]
[EventType "tourn (corr)"]
[EventRounds "4"]
[SourceTitle "Telechess CBM 165"]
[Source "ChessBase"]
[SourceDate "2015.03.11"]
[SourceVersion "1"]
[SourceVersionDate "2015.03.11"]
[SourceQuality "1"]
[WhiteTeam "Brazil"]
[BlackTeam "Canada"]
[WhiteTeamCountry "BRA"]
[BlackTeamCountry "CAN"]

1. c4 d6 2. d4 Nf6 3. Nf3 g6 4. Nc3 Bg7 5. e4 0-0 6. Be2 c5 7. d5 Ng4 8. 0-0 Nd7 9. h3 Nge5 10. Nxe5 Bxe5 11. Bd2 Re8 12. Be3 e6 13. dxe6 Rxe6 14. Qd3 Nf6 15. Bg5 Bxc3 16. bxc3 Qc7 17. f3 Bd7 18. Rad1 Ba4 19. Rd2 Nd7 20. f4 Rae8 21. Bf3 f6 22. Bh4 g5 23. fxg5 Ne5 24. Qe2 Nxf3+ 25. Qxf3 fxg5 26. Bxg5 Bc6 27. Bf6 Qf7 28. Rxd6 Rxd6 29. Qg3+ Qg6 30. Qxd6 Qxe4 31. Qg3+ Qg6 32. Bg5 Re6 33. Rf4 h6 34. Rg4 h5 35. Rf4 Qg7 36. h4 Re2 37. Qd3 Re1+ 38. Kh2 Re6 39. Rf5 b6 40. Qd8+ Kh7 41. Qd1 Qg6 42. Qf1 Kg7 43. a3 Bd7 44. Rf3 Be8 45. Qf2 Qe4 46. Qg3 Qb7 47. Rf5 Kh7 48. Bf4 Qe7 49. Rg5 Bg6 50. Rd5 Re4 51. Bg5 Qf7 52. Rd1 Re6 53. Rd8 Re8 54. Rd2 Re4 55. Rf2 Qd7 56. Bf6 Qf7 57. Rf3 Re6 58. Bg5 Qg7 1/2-1/2